000 004380000a22001810004500
003 MACL
005 20150918111548.0
008 150918b xxu||||| |||| 00| 0 eng d
040 _aMACL
_cMACL
041 _aEnglish
082 _a824/CHA
100 _aChandra, Bipan
_9594
245 _aEssays on Contemporary India
260 _bHarA̜nad Publication
_c1993
_aDelhi
350 _a295
650 _aEssays
_911705
942 _cBK
_k824
_2ddc
999 _c4069
_d4069